| 000 | 00676nam a2200205Ia 4500 | ||
|---|---|---|---|
| 003 | GCL | ||
| 005 | 20240530110920.0 | ||
| 008 | 140319s9999 xx 000 0 ara d | ||
| 040 |
_aGCL / _cGCL |
||
| 082 | 0 | 4 |
_a810.961 _bع ف |
| 100 | 0 | _aعبداللطيف عبدالحليم | |
| 245 | 1 | 0 |
_aفصول من الاندلس فى الادب والنقد والتاريخ / _cعبداللطيف عبدالحليم |
| 260 |
_aالقاهرة : _bمكتبة النهضة المصرية ، _c1988 |
||
| 300 | _a142 ص. | ||
| 650 | 0 | 4 | _aالشعر العربى |
| 650 | 0 | 4 | _aالادب العربى |
| 650 | 0 | 4 | _aمصر |
| 650 | 0 | 4 | _aدواوين وقصائد |
| 942 |
_2ddc _cBK |
||
| 999 |
_c66471 _d66471 |
||